01624nam a2200361Ia 4500001001200000003000800012006001900020007001500039008004100054020001800095020001800113020001500131040002100146035002100167050002300188100002000211245012500231260003500356300003400391490007900425504004100504533015200545650007600697650006300773651008400836651007600920651003400996655002901030710001701059830004301076856012601119999001701245ebr10227146CaPaEBRm u cr cn|||||||||890130s1992 bccab sb 001 0 eng d z9780774804097 z9780774856584 z0774804092 aCaPaEBRcCaPaEBR a(OCoLC)61450901214aDU890b.B37 1992eb1 aBarratt, Glynn.10aRussia and the South Pacific, 1696-1840.nVolume 4,pTuamotu Islands and Tahitih[electronic resource] /cGlynn Barratt. aVancouver :bUBC Press,c1992. a298 p. :bill., maps, tables.1 aUniversity of British Columbia Press Pacific maritime studies series ;v10 aIncludes bibliographies and indexes. aElectronic reproduction.bPalo Alto, Calif. :cebrary,d2013.nAvailable via World Wide Web.nAccess may be limited to ebrary affiliated libraries. 0aScientific expeditionszFrench PolynesiazTuamotu ArchipelagoxHistory. 0aScientific expeditionszFrench PolynesiazTahitixHistory. 0aIles Tuamotu et Gambier (French Polynesia)xDiscovery and explorationxRussian. 0aTahiti (French Polynesia : Island)xDiscovery and explorationxRussian. 0aSoviet UnionxHistory, Naval. 7aElectronic books.2local2 aebrary, Inc. 0aPacific maritime studies series ;v10.40uhttp://site.ebrary.com/lib/rucke/Doc?id=10227146zAn electronic book accessible through the World Wide Web; click to view c27737d27737